Biggest video games in the world - Statistics

General Stats
  • This quiz has been taken 29 times
  • The average score is 3 of 10
Answer Stats
amount (in millions) Answer % Correct
300-350 Minecraft
100%
520 Tetris
71%
58 Super Mario Bros
61%
220 GTA5
43%
82.9 Wii Sports
21%
78 Mario Kart 8
14%
60 Skyrim
14%
75 PUBG
11%
79 Red Dead Redemtion
0%
50 Wild Hut
0%
No matching quizzes found
Score Distribution
Percent of People with Each Score
Percentile by Number Answered
Your Score History
You have not taken this quiz